| 000 | 01343nam a22002057a 4500 | ||
|---|---|---|---|
| 999 |
_c65963 _d65963 |
||
| 005 | 20240222143544.0 | ||
| 008 | s2554 th ||||| |||| 00| 0 tha d | ||
| 040 | _aNALT | ||
| 050 |
_aTC 558.T5C5 _bส829ก 2554 |
||
| 100 | 0 |
_aสุพรรษา สมโพธิ์ _935387 |
|
| 245 | 1 | 0 |
_aการจัดการความรู้ท้องถิ่นและการสร้างเครือข่ายการเรียนรู้ในการจัดการทรัพยากรน้ำด้วยระบบเหมืองฝาย โดยกลุ่มผู้ใช้น้ำฝายวังไฮ ตำบลเชียงดาว อำเภอเชียงดาว จังหวัดเชียงใหม่ / _cสุพรรษา สมโพธิ์. |
| 260 |
_aเชียงใหม่ : _bมหาวิทยาลัยเชียงใหม่, _c2554. |
||
| 300 |
_a176 หน้า : _bภาพประกอบ ; _c30 ซม. |
||
| 650 | 0 |
_aการจัดการน้ำ _zไทย _92884 |
|
| 650 | 4 |
_aฝายน้ำล้น _935388 |
|
| 650 | 4 |
_aฝาย _935389 _zไทย _zเชียงใหม่ |
|
| 850 | _aNALT | ||
| 942 |
_cRSH _2lcc |
||
| 998 |
_j1020 _k นางจำเรียง ระวังสำโรง |
||